| 000 | 004780000a22001810004500 | ||
|---|---|---|---|
| 003 | MACL | ||
| 005 | 20151219144512.0 | ||
| 008 | 151219b xxu||||| |||| 00| 0 eng d | ||
| 040 |
_aMACL _cMACL |
||
| 041 | _aEnglish | ||
| 082 | _a590/THA | ||
| 100 |
_aThapar, Valmik _96709 |
||
| 245 |
_aLand of The Tiger _bA Natural History of The Indian Subcontinent |
||
| 260 |
_bIndia Book House _c1997 _aLondon |
||
| 350 | _a1351 | ||
| 650 |
_aAnimals _921444 |
||
| 942 |
_cBK _k590/THA _2ddc |
||
| 999 |
_c40304 _d40304 |
||